Welcome to CU Library Online Public Access Catalogue (OPAC)

Answers to 200 of life's most probing questions / (Record no. 6441)

MARC details
000 -LEADER
fixed length control field 00541pam a2200193 a 4500
001 - CONTROL NUMBER
control field 2385616
005 - DATE AND TIME OF LATEST TRANSACTION
control field 20250613103349.0
008 - FIXED-LENGTH DATA ELEMENTS--GENERAL INFORMATION
fixed length control field 850205s1984 tnu 001 0 eng
020 ## - INTERNATIONAL STANDARD BOOK NUMBER
International Standard Book Number 0840754655 :
Terms of availability $14.95
050 00 - LIBRARY OF CONGRESS CALL NUMBER
Classification number BS612
Item number .R6 1984
082 00 - DEWEY DECIMAL CLASSIFICATION NUMBER
Classification number 230
Edition information 19
100 1# - MAIN ENTRY--PERSONAL NAME
Personal name Robertson, Pat.
245 10 - TITLE STATEMENT
Title Answers to 200 of life's most probing questions /
Statement of responsibility, etc. Pat Robertson.
260 ## - PUBLICATION, DISTRIBUTION, ETC.
Place of publication, distribution, etc. Nashville :
Name of publisher, distributor, etc. T. Nelson,
Date of publication, distribution, etc. c1984.
300 ## - PHYSICAL DESCRIPTION
Extent 290 p. ;
Dimensions 24 cm.
500 ## - GENERAL NOTE
General note Includes index.
650 #0 - SUBJECT ADDED ENTRY--TOPICAL TERM
Topical term or geographic name entry element Theology
General subdivision Miscellanea.
942 ## - ADDED ENTRY ELEMENTS (KOHA)
Source of classification or shelving scheme Library of Congress Classification
Koha item type Books
Suppress in OPAC No
999 ## -
-- 6441
-- 6441
Holdings
Withdrawn status Lost status Source of classification or shelving scheme Damaged status Not for loan Collection Home library Current library Shelving location Date acquired Total checkouts Full call number Barcode Date last seen Copy number Price effective from Koha item type
    Library of Congress Classification     Non-fiction Undergraduate Library (Christ Temple) Undergraduate Library (Christ Temple) General stacks 06/13/2025   BS612 ROB ulct00003240 06/13/2025 1 06/02/2025 Books
© 2023-2024 Copyright: Central University Libraries. All Rights Reserved | Created by: Mahone Tech Office